| 000 | 00625nam a2200205 i 4500 | ||
|---|---|---|---|
| 001 | 38336 | ||
| 003 | ES-MaACL | ||
| 005 | 20250801155010.0 | ||
| 007 | t| | ||
| 008 | 030225s1960 sp ||||1| spa d | ||
| 100 | 1 |
_aCalera, Ana María. _933649 |
|
| 245 | 1 | 0 |
_aCómo pescar marido / _cAna María Calera. |
| 260 |
_a[Barcelona] : _bDaimón, _c1960. |
||
| 300 |
_a266 p. : _bil. ; _c18 cm. |
||
| 490 | 1 |
_aPequeña Biblioteca "Daimon" ; _v21 |
|
| 650 | 7 |
_aRelaciones amorosas _2embne _9169274 |
|
| 830 | 0 |
_aPequeña Biblioteca "Daimon" ; _v21 _9186655 |
|
| 852 |
_aES-MaACL _jC-30055 _bR.59980 |
||
| 999 |
_c38336 _d38336 |
||